[Event "5. Open Ciudad de Tres Cantos 2013"]
[Site "Tres Cantos ESP"]
[Date "2013.06.25"]
[Round "5.7"]
[White "Gomez Ferrer, Jesus"]
[Black "Mena Corrochano, Alberto"]
[Result "0-1"]
[WhiteElo "2030"]
[BlackElo "2176"]
[PlyCount "92"]
[EventDate "2013.06.21"]
[EventType "swiss"]
[EventRounds "9"]
[EventCountry "ESP"]
[SourceTitle "Ajedrez en Madrid"]
[Source "lmi"]
[SourceDate "2013.06.21"]
[SourceVersion "1"]
[SourceVersionDate "2013.06.27"]
[SourceQuality "1"]

1. d4 Nf6 2. c4 c5 3. d5 b5 4. Nd2 bxc4 5. Nxc4 d6 6. Bg5 Nbd7 7. f3 g6 8. e4
Bg7 9. Qd2 a5 10. Bd3 Ba6 11. Ne2 Bxc4 12. Bxc4 Qb6 13. Nc3 O-O 14. Rc1 Qb4 15.
Be2 Rfb8 16. Rc2 Ne5 17. O-O Nc4 18. Bxc4 Qxc4 19. Rd1 Rb7 20. Kh1 Qa6 21. b3
Kf8 22. Bh6 Nd7 23. Bxg7+ Kxg7 24. f4 Rb4 25. Qf2 f6 26. h4 c4 27. bxc4 Rxc4
28. h5 Rac8 29. h6+ Kxh6 30. Rd3 Kg7 31. Rh3 Nf8 32. e5 dxe5 33. fxe5 fxe5 34.
Qe3 Qf6 35. Rf3 Rf4 36. Rcf2 Rxf3 37. Rxf3 Qh4+ 38. Rh3 Qf4 39. Qe1 Nd7 40. Rf3
Qg5 41. Kg1 Nf6 42. Rg3 Qf4 43. Rf3 Qd4+ 44. Kh1 e4 45. Rh3 Ng4 46. Nxe4 Qxe4
0-1

[Event "5. Open Ciudad de Tres Cantos 2013"]
[Site "Tres Cantos ESP"]
[Date "2013.06.25"]
[Round "5.8"]
[White "Cao Armillas, Jesus"]
[Black "Heras Cuenca, Miguel Angel"]
[Result "1-0"]
[WhiteElo "2175"]
[BlackElo "2012"]
[PlyCount "99"]
[EventDate "2013.06.21"]
[EventType "swiss"]
[EventRounds "9"]
[EventCountry "ESP"]
[SourceTitle "Ajedrez en Madrid"]
[Source "lmi"]
[SourceDate "2013.06.21"]
[SourceVersion "1"]
[SourceVersionDate "2013.06.27"]
[SourceQuality "1"]

1. d4 Nf6 2. c4 c5 3. d5 b5 4. cxb5 a6 5. bxa6 Bxa6 6. Nf3 d6 7. Nc3 g6 8. g3
Bg7 9. Bg2 O-O 10. O-O Nbd7 11. Rb1 Ng4 12. Qc2 Qb6 13. Bd2 Qa7 14. b3 Nge5 15.
Nh4 Rfc8 16. Bh3 Rc7 17. a4 Rb8 18. Ng2 Nf6 19. Ne3 h5 20. Rfe1 Rcb7 21. Ncd1
Qb6 22. f3 Qd8 23. Nf2 Bxe2 24. Rxe2 Nxf3+ 25. Kg2 Nd4 26. Qd1 Nxe2 27. Qxe2
Rxb3 28. Rxb3 Rxb3 29. a5 Qa8 30. Qc4 Rb7 31. Kf1 Ra7 32. Bg2 Ne8 33. Nd3 Qb8
34. Nc1 Bh6 35. Qd3 Nc7 36. Be4 Qb5 37. Ke2 f5 38. Bf3 c4 39. Qxc4 Bxe3 40.
Qxb5 Nxb5 41. Kxe3 Nc7 42. Nb3 Na6 43. Nd4 Kf7 44. Nc6 Rc7 45. Be2 Nc5 46. a6
Rc8 47. Bb4 e6 48. Bxc5 dxc5 49. a7 exd5 50. Nb8 1-0

[Event "5. Open Ciudad de Tres Cantos 2013"]
[Site "Tres Cantos ESP"]
[Date "2013.06.25"]
[Round "5.9"]
[White "Brull Cortes, Boris"]
[Black "Gonzalez Tedin, Antonio"]
[Result "1-0"]
[WhiteElo "1992"]
[BlackElo "2161"]
[PlyCount "65"]
[EventDate "2013.06.21"]
[EventType "swiss"]
[EventRounds "9"]
[EventCountry "ESP"]
[SourceTitle "Ajedrez en Madrid"]
[Source "lmi"]
[SourceDate "2013.06.21"]
[SourceVersion "1"]
[SourceVersionDate "2013.06.27"]
[SourceQuality "1"]

1. d4 e6 2. e4 d5 3. Nc3 Nf6 4. Bg5 Be7 5. e5 Nfd7 6. Bxe7 Qxe7 7. Nb5 Nb6 8.
Bd3 a6 9. Nc3 c5 10. Qg4 cxd4 11. Qxg7 Rf8 12. Nce2 Nc6 13. Nf3 Bd7 14. O-O
O-O-O 15. Nexd4 Rg8 16. Qh6 Nxd4 17. Nxd4 Rg4 18. Qe3 Qh4 19. f4 Rdg8 20. Rf2
Na8 21. b4 Nc7 22. a4 f5 23. b5 R8g6 24. bxa6 bxa6 25. Ra3 Kd8 26. Rc3 Rh6 27.
Nf3 Qe7 28. Qa7 Bc8 29. Nd4 Qd7 30. Rc6 Nb5 31. Rxc8+ Qxc8 32. axb5 axb5 33.
Bxb5 1-0

[Event "5. Open Ciudad de Tres Cantos 2013"]
[Site "Tres Cantos ESP"]
[Date "2013.06.25"]
[Round "5.10"]
[White "Pastor Alonso De Prado, Albert"]
[Black "Rosa Ramirez, Victor D"]
[Result "0-1"]
[WhiteElo "2139"]
[BlackElo "2011"]
[PlyCount "34"]
[EventDate "2013.06.21"]
[EventType "swiss"]
[EventRounds "9"]
[EventCountry "ESP"]
[SourceTitle "Ajedrez en Madrid"]
[Source "lmi"]
[SourceDate "2013.06.21"]
[SourceVersion "1"]
[SourceVersionDate "2013.06.27"]
[SourceQuality "1"]

1. e4 e6 2. d4 d5 3. Nd2 c5 4. dxc5 Bxc5 5. Bd3 Nf6 6. Qe2 Nc6 7. Ngf3 O-O 8.
c3 Bb6 9. O-O Qc7 10. h3 Nh5 11. Nb3 Ng3 12. Qc2 Nxf1 13. exd5 Ne5 14. Bxh7+
Kh8 15. Ng5 Ng3 16. Ne4 Nxe4 17. Qxe4 Ng6 0-1

[Event "5. Open Ciudad de Tres Cantos 2013"]
[Site "Tres Cantos ESP"]
[Date "2013.06.25"]
[Round "5.12"]
[White "Cano Cabanillas, Javier"]
[Black "Anton Veiga, Juan Carlos"]
[Result "1/2-1/2"]
[WhiteElo "1991"]
[BlackElo "2111"]
[PlyCount "71"]
[EventDate "2013.06.21"]
[EventType "swiss"]
[EventRounds "9"]
[EventCountry "ESP"]
[SourceTitle "Ajedrez en Madrid"]
[Source "lmi"]
[SourceDate "2013.06.21"]
[SourceVersion "1"]
[SourceVersionDate "2013.06.27"]
[SourceQuality "1"]

1. e4 c5 2. Nf3 d6 3. d4 cxd4 4. Nxd4 Nf6 5. Nc3 Nc6 6. Bg5 Qb6 7. Be3 a6 8.
Qd2 Nxd4 9. Bxd4 Qa5 10. O-O-O Be6 11. Bxf6 gxf6 12. Kb1 Rc8 13. Nd5 Qxd2 14.
Rxd2 Bh6 15. Rd3 f5 16. exf5 Bxf5 17. Rc3 Rxc3 18. Nxc3 Rg8 19. g3 Bd2 20. Bd3
Bxd3 21. cxd3 Kd7 22. Kc2 Bh6 23. Re1 e6 24. Re4 Bg5 25. Rb4 Kc7 26. Rc4+ Kb8
27. h4 Be7 28. Rf4 f5 29. d4 Kc7 30. d5 Kd7 31. dxe6+ Kxe6 32. Rf3 Rg4 33. Re3+
Kd7 34. Nd5 Bd8 35. Rd3 Re4 36. Rf3 1/2-1/2

[Event "5. Open Ciudad de Tres Cantos 2013"]
[Site "Tres Cantos ESP"]
[Date "2013.06.25"]
[Round "5.13"]
[White "Alvarez Abejon, Amilcar"]
[Black "De La Orden Alcocer, Alejandro"]
[Result "1/2-1/2"]
[WhiteElo "2098"]
[BlackElo "1909"]
[PlyCount "40"]
[EventDate "2013.06.21"]
[EventType "swiss"]
[EventRounds "9"]
[EventCountry "ESP"]
[SourceTitle "Ajedrez en Madrid"]
[Source "lmi"]
[SourceDate "2013.06.21"]
[SourceVersion "1"]
[SourceVersionDate "2013.06.27"]
[SourceQuality "1"]

1. d4 Nf6 2. Bg5 e6 3. e3 h6 4. Bh4 Be7 5. Nf3 c5 6. c4 d5 7. Nc3 cxd4 8. exd4
O-O 9. Bd3 Nc6 10. O-O Nb4 11. Be2 dxc4 12. Bxc4 b6 13. Ne5 Bb7 14. Re1 Rc8 15.
Bb3 Nbd5 16. Nxd5 Nxd5 17. Bg3 Bh4 18. Qe2 Bxg3 19. hxg3 Qg5 20. Rad1 Rc7
1/2-1/2

[Event "5. Open Ciudad de Tres Cantos 2013"]
[Site "Tres Cantos ESP"]
[Date "2013.06.25"]
[Round "5.14"]
[White "Cardenas Serrano, Sergio"]
[Black "Fernandez Aransay, Fernando"]
[Result "1-0"]
[WhiteElo "2077"]
[BlackElo "1889"]
[PlyCount "57"]
[EventDate "2013.06.21"]
[EventType "swiss"]
[EventRounds "9"]
[EventCountry "ESP"]
[SourceTitle "Ajedrez en Madrid"]
[Source "lmi"]
[SourceDate "2013.06.21"]
[SourceVersion "1"]
[SourceVersionDate "2013.06.27"]
[SourceQuality "1"]

1. e4 c5 2. Nf3 d6 3. d4 cxd4 4. Nxd4 Nf6 5. Nc3 g6 6. f4 Bg7 7. e5 dxe5 8.
fxe5 Bg4 9. Bb5+ Nbd7 10. Qd3 Ng8 11. Qe4 a6 12. Qxg4 axb5 13. e6 Nc5 14. exf7+
Kxf7 15. O-O+ Nf6 16. Ndxb5 Ke8 17. Qc4 Qb6 18. Be3 Rc8 19. b4 Qe6 20. Qxc5
Rxc5 21. Bxc5 Qc6 22. Rae1 Kf7 23. Rxe7+ Kg8 24. Nd4 Qc8 25. Ne6 Ne8 26. Nd5 h6
27. Nxg7 Nxg7 28. Nf6+ Kf8 29. Rc7# 1-0

[Event "5. Open Ciudad de Tres Cantos 2013"]
[Site "Tres Cantos ESP"]
[Date "2013.06.25"]
[Round "5.15"]
[White "Munoz Manzano, Jose Manuel"]
[Black "Krohn Montalvo, Francisco"]
[Result "1/2-1/2"]
[WhiteElo "2075"]
[BlackElo "1886"]
[PlyCount "72"]
[EventDate "2013.06.21"]
[EventType "swiss"]
[EventRounds "9"]
[EventCountry "ESP"]
[SourceTitle "Ajedrez en Madrid"]
[Source "lmi"]
[SourceDate "2013.06.21"]
[SourceVersion "1"]
[SourceVersionDate "2013.06.27"]
[SourceQuality "1"]

1. d4 Nf6 2. c4 e6 3. g3 Bb4+ 4. Bd2 Bxd2+ 5. Qxd2 O-O 6. Nc3 c5 7. Nf3 b6 8.
Bg2 Bb7 9. O-O d6 10. Rad1 Nbd7 11. Qf4 Qb8 12. dxc5 dxc5 13. Qxb8 Raxb8 14.
Rd6 Bxf3 15. exf3 Ne5 16. b3 Rfd8 17. Rfd1 Rxd6 18. Rxd6 Kf8 19. f4 Ned7 20.
Kf1 Ke7 21. Rd1 Rd8 22. Ke2 a6 23. h3 Nb8 24. Rxd8 Kxd8 25. g4 Kc7 26. g5 Ne8
27. Kd3 Nd6 28. Ne4 Nf5 29. Ng3 Nxg3 30. fxg3 Nc6 31. Bxc6 Kxc6 32. Ke4 f6 33.
g4 fxg5 34. fxg5 Kd6 35. h4 g6 36. h5 e5 1/2-1/2

[Event "5. Open Ciudad de Tres Cantos 2013"]
[Site "Tres Cantos ESP"]
[Date "2013.06.25"]
[Round "5.16"]
[White "Ledo Galan, Jose Emilio"]
[Black "Perez Bruni, Alfredo"]
[Result "1-0"]
[WhiteElo "2058"]
[BlackElo "1698"]
[PlyCount "107"]
[EventDate "2013.06.21"]
[EventType "swiss"]
[EventRounds "9"]
[EventCountry "ESP"]
[SourceTitle "Ajedrez en Madrid"]
[Source "lmi"]
[SourceDate "2013.06.21"]
[SourceVersion "1"]
[SourceVersionDate "2013.06.27"]
[SourceQuality "1"]

1. e4 e6 2. Nf3 d5 3. Nc3 Bb4 4. exd5 Bxc3 5. dxc3 exd5 6. Bg5 Qd6 7. Qd4 f6 8.
Bf4 Qe6+ 9. Kd2 Nc6 10. Qa4 Qd7 11. Bb5 a6 12. Nd4 Nge7 13. Rhe1 O-O 14. Ne6
Rf7 15. Bxc7 Ra7 16. Bxc6 Nxc6 17. Bb6 Ra8 18. Nc7 Rb8 19. Re8+ Rf8 20. Rae1
Qf5 21. Rxf8+ Kxf8 22. Qa3+ Kf7 23. Qd6 Ne5 24. Qxd5+ Kg6 25. Qg8 Qf4+ 26. Be3
Nc4+ 27. Kc1 Qxc7 28. Qe8+ Qf7 29. Qe4+ Bf5 30. Qf4 h6 31. Qxb8 Nxe3 32. Rxe3
Qxa2 33. Rg3+ Kh7 34. Qxb7 Bg6 35. h4 Qa4 36. Qb3 Qf4+ 37. Kb1 Qxf2 38. Rg4
Qe1+ 39. Ka2 Bf5 40. Rf4 Be6 41. c4 Qa5+ 42. Qa3 Qe5 43. Qd3+ Kh8 44. Qe4 Qa5+
45. Kb1 Qd2 46. Rf1 Bf7 47. g4 Qb4 48. b3 a5 49. Rd1 Qb6 50. h5 a4 51. Qa8+ Kh7
52. Rd8 Qg1+ 53. Kb2 a3+ 54. Ka2 1-0

[Event "5. Open Ciudad de Tres Cantos 2013"]
[Site "Tres Cantos ESP"]
[Date "2013.06.25"]
[Round "5.18"]
[White "Roa Alonso, Santiago"]
[Black "Hernandez Garcia, Carlos"]
[Result "1-0"]
[WhiteElo "2404"]
[BlackElo "1819"]
[PlyCount "83"]
[EventDate "2013.06.21"]
[EventType "swiss"]
[EventRounds "9"]
[EventCountry "ESP"]
[SourceTitle "Ajedrez en Madrid"]
[Source "lmi"]
[SourceDate "2013.06.21"]
[SourceVersion "1"]
[SourceVersionDate "2013.06.27"]
[SourceQuality "1"]

1. d4 Nf6 2. c4 g6 3. Nc3 Bg7 4. e4 d6 5. Nf3 O-O 6. Be2 Nbd7 7. O-O e5 8. Be3
Re8 9. d5 Nc5 10. Nd2 a5 11. Kh1 Bd7 12. g4 Qc8 13. Rg1 Rf8 14. Rg3 Ne8 15. Qg1
Kh8 16. Qg2 Qd8 17. Rg1 Qe7 18. h4 f6 19. h5 g5 20. h6 Bxh6 21. Rh3 Bg7 22. Qh2
h6 23. Nf1 Kh7 24. Ng3 Rh8 25. Qg2 Na6 26. Qf3 Nb4 27. a3 Nc2 28. Bd3 Nxe3 29.
fxe3 Kg8 30. Bc2 a4 31. Nf5 Qf8 32. Qd1 Bxf5 33. exf5 Kf7 34. Bxa4 Ke7 35. Qb3
Rb8 36. Qb5 Kf7 37. Qa5 Qe7 38. Qa7 Qd8 39. Bd7 Ke7 40. Be6 c6 41. dxc6 Qc7 42.
Nd5+ 1-0

[Event "5. Open Ciudad de Tres Cantos 2013"]
[Site "Tres Cantos ESP"]
[Date "2013.06.25"]
[Round "5.19"]
[White "Rivera Leon, Mauro Arturo"]
[Black "Nieto Esteban, Manuel"]
[Result "1-0"]
[WhiteElo "2081"]
[BlackElo "1769"]
[PlyCount "47"]
[EventDate "2013.06.21"]
[EventType "swiss"]
[EventRounds "9"]
[EventCountry "ESP"]
[SourceTitle "Ajedrez en Madrid"]
[Source "lmi"]
[SourceDate "2013.06.21"]
[SourceVersion "1"]
[SourceVersionDate "2013.06.27"]
[SourceQuality "1"]

1. e4 e5 2. Nf3 Nc6 3. Bb5 a6 4. Ba4 Nf6 5. d4 Nxe4 6. Qe2 Nf6 7. dxe5 Nd5 8.
Bb3 Nde7 9. Ng5 d5 10. exd6 Qxd6 11. Nxf7 Qf6 12. Nxh8 Nd4 13. Qh5+ g6 14. Qxh7
Nxb3 15. axb3 Bf5 16. O-O O-O-O 17. Nc3 Bg7 18. Bg5 Qxg5 19. Qxg7 Bh3 20. g3
Qh5 21. Qxe7 Rxh8 22. Rfe1 g5 23. Nd5 Bd7 24. Qxd7+ 1-0

[Event "5. Open Ciudad de Tres Cantos 2013"]
[Site "Tres Cantos ESP"]
[Date "2013.06.25"]
[Round "5.20"]
[White "Gonzalez Mateos, Rafael"]
[Black "Hernandez Del Can, Jose"]
[Result "1-0"]
[WhiteElo "2060"]
[BlackElo "1722"]
[PlyCount "77"]
[EventDate "2013.06.21"]
[EventType "swiss"]
[EventRounds "9"]
[EventCountry "ESP"]
[SourceTitle "Ajedrez en Madrid"]
[Source "lmi"]
[SourceDate "2013.06.21"]
[SourceVersion "1"]
[SourceVersionDate "2013.06.27"]
[SourceQuality "1"]

1. d4 Nf6 2. c3 g6 3. Bg5 Bg7 4. Nd2 d6 5. e4 O-O 6. Qc2 Nbd7 7. h4 h6 8. Be3
Ng4 9. Bf4 e5 10. dxe5 dxe5 11. Bg3 Qe8 12. Be2 Nb6 13. O-O-O Qa4 14. Qxa4 Nxa4
15. Nf1 h5 16. f3 Nh6 17. Ne3 c6 18. Nc4 f6 19. Nd6 Be6 20. Kc2 Nf7 21. b3 Nc5
22. b4 Na4 23. Nxb7 Rfb8 24. Na5 Rc8 25. Ba6 Rc7 26. Bb7 Rd8 27. Ne2 c5 28. Bc6
Bd7 29. b5 f5 30. c4 f4 31. Bf2 Be6 32. Kb3 Nb6 33. Bxc5 Bf8 34. Bxf8 Kxf8 35.
Nc3 Nd6 36. Nd5 Bxd5 37. exd5 Ke7 38. Kb4 Kf6 39. c5 1-0

[Event "5. Open Ciudad de Tres Cantos 2013"]
[Site "Tres Cantos ESP"]
[Date "2013.06.25"]
[Round "5.21"]
[White "Balsinde Montemayor, Pablo"]
[Black "Baeza Escudero, Javier"]
[Result "1/2-1/2"]
[WhiteElo "1782"]
[BlackElo "2028"]
[PlyCount "79"]
[EventDate "2013.06.21"]
[EventType "swiss"]
[EventRounds "9"]
[EventCountry "ESP"]
[SourceTitle "Ajedrez en Madrid"]
[Source "lmi"]
[SourceDate "2013.06.21"]
[SourceVersion "1"]
[SourceVersionDate "2013.06.27"]
[SourceQuality "1"]

1. d4 d5 2. c4 e6 3. Nc3 Nf6 4. Bg5 Be7 5. cxd5 Nxd5 6. Bxe7 Qxe7 7. Nxd5 exd5
8. e3 O-O 9. Bd3 c5 10. Ne2 c4 11. Bc2 Nd7 12. Nc3 Nf6 13. O-O Bd7 14. Qe2 b5
15. f3 Rfe8 16. Rfe1 Qd6 17. Qd2 a5 18. e4 b4 19. e5 bxc3 20. bxc3 Qc6 21. exf6
Qxf6 22. Rxe8+ Rxe8 23. Re1 Rb8 24. Re5 Be6 25. h3 g6 26. Re1 Rb2 27. Qc1 Rxa2
28. Bb1 Ra1 29. Qb2 Qh4 30. Re2 Rxb1+ 31. Qxb1 Qg3 32. Qb5 Qf4 33. Qxa5 Qc1+
34. Kf2 Kg7 35. Qc7 Kh6 36. Qa5 Kg7 37. Qa2 Qxc3 38. Qd2 Qa1 39. Qf4 Qc3 40.
Qe5+ 1/2-1/2

[Event "5. Open Ciudad de Tres Cantos 2013"]
[Site "Tres Cantos ESP"]
[Date "2013.06.25"]
[Round "5.22"]
[White "Ruiz Sanchez, Roberto"]
[Black "Alvarez Gonzalez, Eduardo"]
[Result "1/2-1/2"]
[WhiteElo "1953"]
[BlackElo "1762"]
[PlyCount "51"]
[EventDate "2013.06.21"]
[EventType "swiss"]
[EventRounds "9"]
[EventCountry "ESP"]
[SourceTitle "Ajedrez en Madrid"]
[Source "lmi"]
[SourceDate "2013.06.21"]
[SourceVersion "1"]
[SourceVersionDate "2013.06.27"]
[SourceQuality "1"]

1. e4 c6 2. d4 d5 3. Nc3 dxe4 4. Nxe4 Bf5 5. Ng3 Bg6 6. h4 h6 7. Nf3 Nd7 8. h5
Bh7 9. Bd3 Bxd3 10. Qxd3 e6 11. Bf4 Qa5+ 12. Bd2 Qc7 13. O-O-O Ngf6 14. Ne4
O-O-O 15. g3 Nc5 16. Nxc5 Bxc5 17. Kb1 Kb8 18. Qe2 Bd6 19. Ne5 Bxe5 20. dxe5
Nd5 21. c4 Ne7 22. Bc3 c5 23. g4 Nc6 24. f4 Rxd1+ 25. Rxd1 Rd8 26. f5 1/2-1/2

[Event "5. Open Ciudad de Tres Cantos 2013"]
[Site "Tres Cantos ESP"]
[Date "2013.06.25"]
[Round "5.23"]
[White "Yeves Miquel, Enrique"]
[Black "Camarero Izquierdo, Juan Carlo"]
[Result "1/2-1/2"]
[WhiteElo "1735"]
[BlackElo "1884"]
[PlyCount "99"]
[EventDate "2013.06.21"]
[EventType "swiss"]
[EventRounds "9"]
[EventCountry "ESP"]
[SourceTitle "Ajedrez en Madrid"]
[Source "lmi"]
[SourceDate "2013.06.21"]
[SourceVersion "1"]
[SourceVersionDate "2013.06.27"]
[SourceQuality "1"]

1. d4 d5 2. c4 Nf6 3. Nc3 Nc6 4. Nf3 Bg4 5. cxd5 Bxf3 6. gxf3 Nxd5 7. e4 Nb6 8.
d5 Ne5 9. Bf4 Qd6 10. Nb5 Nd3+ 11. Qxd3 Qxf4 12. Qe3 Qxe3+ 13. fxe3 Kd8 14. b3
a6 15. Nd4 g6 16. Rc1 Bh6 17. Kf2 Nd7 18. h4 Ne5 19. f4 Ng4+ 20. Kf3 Nf6 21.
Bh3 Bg7 22. Rc2 Ne8 23. Ne2 a5 24. Rhc1 a4 25. b4 a3 26. Nd4 Bxd4 27. exd4 Ra4
28. Rb1 Nd6 29. Bf1 h6 30. Bd3 g5 31. e5 Ne8 32. h5 gxf4 33. Rg2 c6 34. dxc6
bxc6 35. Be4 Kd7 36. d5 cxd5 37. Bxd5 e6 38. Be4 Nc7 39. Rd2+ Nd5 40. Bxd5 exd5
41. Rxd5+ Ke6 42. Ke4 Rc8 43. Rd6+ Ke7 44. Rd2 Rc4+ 45. Kf3 Raxb4 46. Rxb4 Rxb4
47. Rd3 Ke6 48. Rxa3 Kxe5 49. Ra6 f6 50. Ra5+ 1/2-1/2

[Event "5. Open Ciudad de Tres Cantos 2013"]
[Site "Tres Cantos ESP"]
[Date "2013.06.25"]
[Round "5.24"]
[White "Tevar Becerra, Alvaro"]
[Black "Sanchez Lopez, Maria"]
[Result "0-1"]
[WhiteElo "1664"]
[BlackElo "1867"]
[PlyCount "56"]
[EventDate "2013.06.21"]
[EventType "swiss"]
[EventRounds "9"]
[EventCountry "ESP"]
[SourceTitle "Ajedrez en Madrid"]
[Source "lmi"]
[SourceDate "2013.06.21"]
[SourceVersion "1"]
[SourceVersionDate "2013.06.27"]
[SourceQuality "1"]

1. e4 e6 2. d4 d5 3. exd5 exd5 4. Nf3 Bd6 5. Bd3 Ne7 6. O-O Bg4 7. h3 Bh5 8.
Be3 Nbc6 9. Nbd2 Qd7 10. c4 Nb4 11. Qe2 Nxd3 12. Qxd3 dxc4 13. Qxc4 f6 14. d5
Bf7 15. Ne4 Bxd5 16. Nxd6+ Qxd6 17. Qe2 O-O 18. Rac1 b6 19. Rfd1 c5 20. Rc3
Rfd8 21. Bf4 Qxf4 22. Qxe7 Re8 23. Qd7 Rad8 24. Qxa7 Bxf3 25. Rxd8 Rxd8 26.
gxf3 Rd1+ 27. Kg2 Qg5+ 28. Kh2 Qg1# 0-1